Management

Kaydedildi:
Detaylı Bibliyografya
Yazar: Schermerhorn, John R (Yazar)
Materyal Türü: Kitap
Dil:İngilizce
Baskı/Yayın Bilgisi: Hoboken John Wiley & Sons 2008
Edisyon:9a. ed
Konular:
Etiketler: Etiketle
Etiket eklenmemiş, İlk siz ekleyin!

MARC

LEADER 00000nam a2200000 a 4500
001 UCH0800
003 CL-VaPUC
008 090326e20080000US |||||||||||||||||eng|d
020 |a 9780470169056 
082 0 4 |a 658  |b SCH  |2 21 
100 0 |a Schermerhorn, John R  |e author  |9 535142 
245 1 0 |a Management 
250 |a 9a. ed 
300 |a 626 p 
942 |c BK 
945 |d 20090326 00:00:00  |a cmena 
260 |a Hoboken  |b John Wiley & Sons  |c 2008 
650 0 |a Administración de empresas   |9 260833 
650 0 |a Planificación estratégica   |9 259735 
650 0 |a Toma de decisiones   |9 257530 
650 0 |a Motivación   |9 315362 
650 0 |a Liderazgo  |9 271835 
650 0 |a Control de calidad   |9 259714 
650 0 |a Administración del personal  |9 260442 
650 0 |a Responsabilidad social  |9 339076 
650 0 |a Ética  |9 255099 
583 |a last modification  |c 20170510 09:51:53  |k Rodrigo Vera 
999 |c 333034  |d 333032 
952 |0 0  |1 0  |4 0  |6 658_000000000000000_SCH_2008  |7 0  |8 A  |9 421162  |a BIBING  |b BIBING  |d 2019-11-22  |i 4529979  |o 658 SCH 2008  |p 4529979  |r 2025-01-20  |w 2019-11-22  |y BK  |k CCI